<?xml version="1.0" encoding="UTF-8"?>
<record
    xmlns:xsi="http://www.w3.org/2001/XMLSchema-instance"
    xsi:schemaLocation="http://www.loc.gov/MARC21/slim http://www.loc.gov/standards/marcxml/schema/MARC21slim.xsd"
    xmlns="http://www.loc.gov/MARC21/slim">

  <leader>03207nam a22002777a 4500</leader>
  <controlfield tag="003">OSt</controlfield>
  <controlfield tag="005">20240904113913.0</controlfield>
  <controlfield tag="007">cr ||||||a|c|a</controlfield>
  <controlfield tag="008">240319s2019    mx ||||fom||| 001 0 spa d</controlfield>
  <datafield tag="040" ind1=" " ind2=" ">
    <subfield code="e">rda</subfield>
  </datafield>
  <datafield tag="100" ind1="1" ind2=" ">
    <subfield code="9">2710</subfield>
    <subfield code="a">Aguilar Garc&#xED;a, Jorge</subfield>
  </datafield>
  <datafield tag="245" ind1="1" ind2=" ">
    <subfield code="a">Desarrollo de un aerogenerador para su aplicaci&#xF3;n en agricultura protegida /</subfield>
    <subfield code="c">por Jorge Aguilar Garc&#xED;a; director Oscar Luis Palacios V&#xE9;lez</subfield>
  </datafield>
  <datafield tag="264" ind1=" " ind2="1">
    <subfield code="a">Montecillo, M&#xE9;xico :</subfield>
    <subfield code="b">Colegio De Postgraduados,</subfield>
    <subfield code="c">2019</subfield>
  </datafield>
  <datafield tag="300" ind1=" " ind2=" ">
    <subfield code="a">1 recurso en l&#xED;nea (143 p&#xE1;ginas).</subfield>
    <subfield code="b">Figuras, tablas</subfield>
  </datafield>
  <datafield tag="336" ind1=" " ind2=" ">
    <subfield code="2">rdacontent</subfield>
    <subfield code="a">texto</subfield>
    <subfield code="b">txt</subfield>
  </datafield>
  <datafield tag="337" ind1=" " ind2=" ">
    <subfield code="2">rdamedia</subfield>
    <subfield code="a">computadora</subfield>
    <subfield code="b">c</subfield>
  </datafield>
  <datafield tag="338" ind1=" " ind2=" ">
    <subfield code="2">rdacarrier</subfield>
    <subfield code="a">recurso en l&#xED;nea</subfield>
    <subfield code="b">cr</subfield>
  </datafield>
  <datafield tag="502" ind1=" " ind2=" ">
    <subfield code="g">MAE</subfield>
  </datafield>
  <datafield tag="504" ind1=" " ind2=" ">
    <subfield code="a">Incluye referencias bibliogr&#xE1;ficas: p&#xE1;ginas 109-112</subfield>
  </datafield>
  <datafield tag="520" ind1=" " ind2=" ">
    <subfield code="a">La agricultura protegida y periurbana, han tenido un crecimiento en los &#xFA;ltimos a&#xF1;os, lo que se ha reflejado en un aumento en la demanda energ&#xE9;tica. La mayor parte de la energ&#xED;a utilizada es de tipo el&#xE9;ctrica y actualmente, esta se obtiene de la explotaci&#xF3;n de recursos f&#xF3;siles, que adem&#xE1;s de ser finitos, contribuyen al calentamiento global. Una alternativa de soluci&#xF3;n, son las energ&#xED;as renovables dentro de las cuales la energ&#xED;a e&#xF3;lica ha tenido gran desarrollo a nivel mundial. El objetivo de este proyecto ha sido desarrollar un prototipo de turbina e&#xF3;lica de 100 cm de di&#xE1;metro, dados los recursos disponibles, que permita aprovechar la energ&#xED;a del viento y transformarla en energ&#xED;a el&#xE9;ctrica, para ser utilizada para actividades referentes a este sector de la agricultura. Para ello se seleccion&#xF3; un &#xE1;labe con torsi&#xF3;n y cuya secci&#xF3;n transversal corresponde al NACA4412 (Garc&#xED;a y Hern&#xE1;ndez, 2009); se fabric&#xF3; con una impresora 3D tipo delta y se replic&#xF3; en resina PP250 reforzada con fibra de vidrio. Se desarrollaron el buje, cono frontal y elementos de sujeci&#xF3;n necesarios para su ensamble y finalmente se construy&#xF3;. Paralelamente, se caracteriz&#xF3; el recurso e&#xF3;lico en la estaci&#xF3;n meteorol&#xF3;gica del Colegio de Postgraduados, Campus Montecillo a una altura de 15 metros sobre el nivel del suelo, altura a la que se propon&#xED;a colocar la turbina obtenida. Por problemas t&#xE9;cnicos, la caracterizaci&#xF3;n de viento se realiz&#xF3; &#xFA;nicamente para el periodo de marzo a julio de 2018. Finalmente, con los valores de velocidad de viento obtenidos se estim&#xF3; la densidad de potencia del lugar, que seg&#xFA;n la clasificaci&#xF3;n de Li (2016) es &#x201C;pobre&#x201D;. De acuerdo con los c&#xE1;lculos, la energ&#xED;a que pudiera extraer la turbina alcanzar&#xED;a a cubrir el 2.5% de las necesidades de un hogar de &#x201C;clase media&#x201D; o el 37% de un invernadero &#x201C;t&#xED;pico&#x201D; de agricultura periurbana y que para aumentar ese porcentaje energ&#xE9;tico se tendr&#xED;a que desarrollar una turbina de mayor tama&#xF1;o y a mayor altura de ubicaci&#xF3;n, siguiendo la misma metodolog&#xED;a aqu&#xED; descrita.</subfield>
  </datafield>
  <datafield tag="650" ind1=" " ind2="4">
    <subfield code="9">186512</subfield>
    <subfield code="a">Agricultura sustentable</subfield>
    <subfield code="x">Innovaciones tecnol&#xF3;gicas</subfield>
  </datafield>
  <datafield tag="650" ind1=" " ind2="4">
    <subfield code="9">133537</subfield>
    <subfield code="a">Energ&#xED;a e&#xF3;lica</subfield>
    <subfield code="x">Aprovechamiento</subfield>
  </datafield>
  <datafield tag="700" ind1="1" ind2=" ">
    <subfield code="9">84852</subfield>
    <subfield code="a">Palacios V&#xE9;lez, Oscar Luis</subfield>
    <subfield code="e">Director</subfield>
  </datafield>
  <datafield tag="856" ind1=" " ind2=" ">
    <subfield code="u">http://10.13.5.2/tesis/tm/AGUILAR_GARC&#xCD;A_JORGE.pdf</subfield>
    <subfield code="z">DESCARGAR PDF</subfield>
  </datafield>
  <datafield tag="942" ind1=" " ind2=" ">
    <subfield code="2">Clasificaci&#xF3;n Universidad Aut&#xF3;noma Chapingo</subfield>
    <subfield code="c">TD</subfield>
  </datafield>
  <datafield tag="999" ind1=" " ind2=" ">
    <subfield code="c">219820</subfield>
    <subfield code="d">219820</subfield>
  </datafield>
  <datafield tag="952" ind1=" " ind2=" ">
    <subfield code="0">0</subfield>
    <subfield code="1">0</subfield>
    <subfield code="2">local</subfield>
    <subfield code="4">0</subfield>
    <subfield code="5">1</subfield>
    <subfield code="7">0</subfield>
    <subfield code="8">TesDigM</subfield>
    <subfield code="a">BD</subfield>
    <subfield code="b">BD</subfield>
    <subfield code="c">E_L</subfield>
    <subfield code="d">2024-03-19</subfield>
    <subfield code="l">0</subfield>
    <subfield code="o">Tesis digital</subfield>
    <subfield code="r">2024-03-19 00:00:00</subfield>
    <subfield code="w">2024-03-19</subfield>
    <subfield code="y">TD</subfield>
  </datafield>
</record>
